00278nam a2200097Ia 4500008004100000082001500041100001700056245006500073260003300138300000900171210430s9999 xx 000 0 und d a543 K451 H aR S Khandpur aHandbook of Analytical Instruments 2nd EditioncR S Khandpur aNew DelhibMcGraw-Hillc2010 a770p